000 00653nam a22001697a 4500
008 170425b xxu||||| |||| 00| 0 eng d
020 _a9715501540
082 _21996
_aDFil 899.21709301
_bM28
245 _aMaikling kuwentong Kapampangan at Pangasinan/
_cCompiled by Lourdes H. Vidal and Ma. Crisanta S. Nelmida.
260 _aQuezon City:
_bADMU Press,
_cc1996.
300 _avii, 393 pages;
_c18 cm.
650 0 _920251
_aShort stories, Kapampangan- History and criticism.
650 0 _920252
_aShort stories, Pangasinan - History and criticism.
700 _920253
_aNelmida, Ma. Crisanta S.
_eTranslator
365 _b330.50
_cPhp.
942 _2ddc
_cDFIL
999 _c6683
_d6683